000 00763nam a2200217Ia 4500
005 20241129111032.0
008 241129s9999||||xx |||||||||||||| ||und||
020 _a9789350643358
037 _aTB
040 _aCRL
_bhin
_cCRL
041 _ahin
_2hin
084 _aO152,1N08,16:g Q9
_qCRL
100 _aव्यास, रेणु, संपा.
245 0 _aकृति मूल्यांकन: कुरूक्षेत्र
_cव्यास, रेणु, संपा.
260 _aदिल्ली, भारत
_bराजपाल एण्ड सन्ज़
_c2019
300 _a143पृ0
365 _aINR
_b200
650 _aHindi literaturePoetry
942 _cTB
_hO152,1N08,16:g Q9
999 _c1228636
_d1228636